| 000 | 01070cab a2200313 4500 | ||
|---|---|---|---|
| 001 | ABS48972 | ||
| 008 | 090401t1993 xxu||||| |||| 00| 0 eng d | ||
| 035 | _a(Sirsi) u69290 | ||
| 041 | _aeng | ||
| 100 | _aCrook, T. | ||
| 245 | _aGreat expectations? The impact of the property slump on BES-assured tenancies in 1990/91 | ||
| 260 | _c1993 | ||
| 350 | _a0 | ||
| 490 |
_aJournal of Property Finance _v4(1) 1993, 26-34(9) |
||
| 520 | _aLooks at the progress of BES-assured tenancies as measured against government policies introduced under the Housing Act 1988, and considers the effects of recession on the scheme. | ||
| 650 | _aASSURED TENANCIES | ||
| 650 | _aBUSINESS EXPANSION SCHEME | ||
| 650 | _aGOVERNMENT POLICY | ||
| 650 | _aHOUSING POLICY | ||
| 650 | _aPRIVATE LANDLORDS | ||
| 650 | _aPRIVATE RENTED SECTOR | ||
| 690 | _aHOUSING | ||
| 690 | _aPROPERTY-RESIDENTIAL PROPERTY-RESIDENTIAL LANDLORD AND TENANT-RESIDENTIAL TENANCIES | ||
| 690 | _aTAXATION | ||
| 700 | _aHughes, J. | ||
| 700 | _aKemp, P. | ||
| 942 | _n0 | ||
| 948 | _c04/03/1997 | ||
| 999 |
_c43514 _d43514 |
||